000 00819nam a2200253 a 4500
001 BRCA_5276
005 20190320205019.0
008 011210s1976----cc-#a#####---#000-0#eng-#
020 _a0706405293
041 _aeng
044 _acc
050 4 _aNK4215
_b.E53 1976
245 1 0 _aEncyclopedia of Antiques
_cintroduction by Arthur Negus ; consultant editor Rosemary Klein.
260 _aHong Kong
_bOctopus : Phoebus
_c1976
300 _a480 p.
_bil. (algunas a color)
_c31 cm.
500 _aIncluye índice de ilustraciones
500 _aDonación Dr. Héctor Rivero Borrell Vázquez
650 1 4 _aArte oriental
_xHistoria
_zHong Kong
_913515
650 1 4 _aArtes decorativas
_xHistoria
_zHong Kong
_913516
700 1 _aNegus, Arthur
_913517
700 1 _aKlein, Rosemary
_913518
902 _aDHR
942 _2lcc
_cB
999 _c4970
_d4970